LEADER 00909nam0-22003011i-450- 001 990000030730403321 035 $a000003073 035 $aFED01000003073 035 $a(Aleph)000003073FED01 035 $a000003073 100 $a20011111d--------km-y0itay50------ba 101 0 $aita 105 $ay-------001yy 200 1 $aBeton precontraint$eetude theorique et experimentale$fY. Guyon$gpreface de E. Freyssinet. 210 $aParis$cEditions Eyrolles$d1951 215 $aXII, 702 p.$cill.$d25 cm 300 $aIn testa al front.: Institut technique du batiment et des travaux publics 610 0 $aCemento armato precompresso 676 $a691.3 700 1$aGuyon,$bY.$02327 801 0$aIT$bUNINA$gRICA$2UNIMARC 901 $aBK 912 $a990000030730403321 952 $a13 D 25 07$b20276$fFINBC 959 $aFINBC 996 $aBeton precontraint$9105672 997 $aUNINA DB $aING01 LEADER 01911nac# 22002651i 450 001 UON00143771 005 20240118022833.823 100 $a20020107f |0itac50 ba 102 $aIT 105 $a|||| ||||| 110 $ab|||||||||| 200 1 $aMetropolis 463 1$1001UON00194090$12001 $a Homo sentiens$egiovani e musica, la rinascita della comunitą dallo spirito della nuova musica$fFranco Ferrarotti$1210 $aNapoli$cLiguori$d1995. VIII$d136 p. ; 24 cm.$v1 463 1$1001UON00147095$12001 $aImmigrati e religioni$fa cura di Maria Immacolata Macioti$1210 $aNapoli$cLiguori$d2000$1215 $aix, 360 p.$d24 cm$v14 463 1$1001UON00262423$12001 $aNazionalismo e identitą collettive$ei percorsi della transizione in Romania e nella repubblica di Moldova$fGloria Pirzio Ammassari, Marina D'Amato, Arianna Montanari$1210 $aNapoli$cLiguori$d2000$1215 $aVIII, 177 p.$d23 cm.$v15 463 1$1001UON00141900$12001 $aIslam e cittą nell'Africa a sud del Sahara$etra sufismo e fondamentalismo$fa cura di Adriana Piga$1205 $a1 ed. italiana$1210 $aNapoli$cLiguori$d2001$1215 $aix, 329 p.$d24 cm$v20 463 1$1001UON00196026$12001 $a Porte chiuse$ecultura e tradizioni africane$ecultura e tradizioni africane attraverso le storie di vita degli immigrati$fLuigi Perrone$1210 $aNapoli$cLiguori $d1995. VIII$d327 p. ; 24 cm.$v3 463 1$1001UON00266720$12001 $aLondra e le altre$eimmagini della metropoli di fine Ottocento$fa cura di Laura Di Michele$1210 $aNapoli$cLiguori$d2002$1215 $a462 p.$cill.$d24 cm. -$v31 463 1$1001UON00201862$12001 $a Eroi immaginari$el'identitą nazionale nei romanzi, film, telefilm, polizieschi$fArianna Montanari. - Napoli$eLiguori, 1995. 171 p. ; 24 cm.$v4 620 $aIT$dNapoli$3UONL000012 712 $aLiguori$3UONV246456$4650 801 $aIT$bSOL$c20240220$gRICA 912 $aUON00143771 996 $aMetropolis$9717036 997 $aUNIOR